[Event "Steyr Landesliga 1213"]
[Site "Austria"]
[Date "2013.03.02"]
[Round "7.7"]
[White "Kainz, Josef"]
[Black "Bortolas, Stefan"]
[Result "1-0"]
[WhiteElo "1946"]
[BlackElo "1798"]
[PlyCount "113"]
[EventDate "2012.09.22"]
[EventType "team-tourn"]
[EventRounds "11"]
[EventCountry "AUT"]
[SourceTitle "EXT 2014"]
[Source "ChessBase"]
[SourceDate "2013.11.20"]
[SourceVersion "1"]
[SourceVersionDate "2013.11.20"]
[SourceQuality "1"]
[WhiteTeam "Graz Strassenbahn"]
[BlackTeam "Graz Austria"]
[WhiteTeamCountry "AUT"]
[BlackTeamCountry "AUT"]

1. d4 f5 2. Bg5 g6 3. h4 d6 4. Nc3 Bg7 5. Nf3 h6 6. Bf4 Nf6 7. Qd2 Be6 8. 0-0-0 c6 9. Kb1 Nbd7 10. e3 Nb6 11. Bd3 Nbd5 12. Ne2 Qb6 13. a3 Bf7 14. Bg3 Nc7 15. Nc3 Ncd5 16. Nxd5 Bxd5 17. Ne1 Nh5 18. Bh2 c5 19. c4 Bf7 20. Be2 cxd4 21. exd4 Nf6 22. f3 Rc8 23. Rc1 Qb3 24. Bd1 Qb6 25. d5 0-0 26. Bg1 Qa6 27. Be2 Qa4 28. Be3 Kh7 29. g4 fxg4 30. fxg4 Ne4 31. Qc2 Qxc2+ 32. Rxc2 Ng3 33. Rh2 Nxe2 34. Rhxe2 g5 35. h5 Be8 36. Ka2 Bd7 37. Bxa7 Rce8 38. Re4 Rf1 39. Rce2 Bf6 40. Nc2 Rf3 41. Bd4 Kg7 42. Rxe7+ Kf8 43. Rxe8+ Bxe8 44. Bxf6 Rxf6 45. Re6 Rxe6 46. dxe6 Ke7 47. Nd4 Kf6 48. b4 Ke5 49. Nf5 Kxe6 50. Ng7+ Kf7 51. Nxe8 Kxe8 52. Kb3 Kd7 53. Kc3 Ke7 54. Kd4 Ke6 55. Ke4 b6 56. a4 Kd7 57. Kd5 1-0

[Event "Steyr Landesliga 1213"]
[Site "Austria"]
[Date "2012.10.13"]
[Round "2.8"]
[White "Bortolas, Stefan"]
[Black "Schloffer, Jasmin Denise"]
[Result "1/2-1/2"]
[WhiteElo "1798"]
[BlackElo "1499"]
[PlyCount "89"]
[EventDate "2012.09.22"]
[EventType "team-tourn"]
[EventRounds "11"]
[EventCountry "AUT"]
[SourceTitle "EXT 2014"]
[Source "ChessBase"]
[SourceDate "2013.11.20"]
[SourceVersion "1"]
[SourceVersionDate "2013.11.20"]
[SourceQuality "1"]
[WhiteTeam "Graz Austria"]
[BlackTeam "Feldbach Kirchberg"]
[WhiteTeamCountry "AUT"]
[BlackTeamCountry "AUT"]

1. Nf3 d5 2. c4 c6 3. g3 Nf6 4. b3 e6 5. Bb2 Bd6 6. Bg2 h6 7. 0-0 0-0 8. e3 Nbd7 9. Nc3 b6 10. cxd5 cxd5 11. Rc1 Ba6 12. Re1 Nc5 13. Bf1 Nd3 14. Bxd3 Bxd3 15. Ne2 Rc8 16. Ne5 Bh7 17. Nf4 Rxc1 18. Qxc1 Qb8 19. Nfd3 Rc8 20. Qa1 Qb7 21. Nf4 Qe7 22. Rc1 Rxc1+ 23. Qxc1 Qc7 24. Qa1 Qc2 25. Nf3 Qb1+ 26. Qxb1 Bxb1 27. a3 a5 28. Ne2 Ne4 29. Nc3 Bc2 30. Nd4 Bd3 31. Nxe4 Bxe4 32. Nb5 Bb8 33. Bd4 Bd3 34. a4 Bxb5 35. axb5 Bc7 36. f4 g6 37. Kf2 Kf8 38. h4 Ke7 39. g4 h5 40. g5 Kd7 41. Kf3 Bd8 42. d3 Kc7 43. Bf6 Bxf6 44. gxf6 Kd6 45. d4 1/2-1/2

[Event "Steyr Landesliga 1112"]
[Site "Austria"]
[Date "2012.02.04"]
[Round "8.8"]
[White "Bortolas, Stefan"]
[Black "Vilits, Andreas"]
[Result "1/2-1/2"]
[WhiteElo "1712"]
[BlackElo "2139"]
[PlyCount "86"]
[EventDate "2011.09.24"]
[EventType "team-tourn"]
[EventRounds "11"]
[EventCountry "AUT"]
[SourceTitle "EXT 2013"]
[Source "ChessBase"]
[SourceDate "2012.11.22"]
[SourceVersion "1"]
[SourceVersionDate "2012.11.22"]
[SourceQuality "1"]
[WhiteTeam "Graz Austria"]
[BlackTeam "Graz Schachfreunde"]
[WhiteTeamCountry "AUT"]
[BlackTeamCountry "AUT"]

1. Nf3 d6 2. g3 e5 3. d3 f5 4. Bg2 Nf6 5. 0-0 Be7 6. Nc3 0-0 7. e4 c6 8. Qe1 Na6 9. a3 Nc7 10. exf5 Bxf5 11. Nd2 Qd7 12. Nde4 Rae8 13. Nxf6+ Bxf6 14. Ne4 Be7 15. Qa5 Nd5 16. Nd2 Be6 17. c4 b6 18. Qa4 b5 19. Qc2 Nf6 20. b3 Bh3 21. Bb2 Bxg2 22. Kxg2 Qf5 23. f4 Ng4 24. Rae1 exf4 25. Rxf4 Qh5 26. Nf1 Bg5 27. Rxe8 Rxe8 28. Rf3 Bf6 29. h3 Ne5 30. Bxe5 Bxe5 31. Qf2 bxc4 32. g4 Qg6 33. dxc4 c5 34. Ng3 Bd4 35. Qd2 Qe6 36. Qd3 Qe1 37. Rf1 Qe5 38. Nf5 Qe2+ 39. Qxe2 Rxe2+ 40. Kf3 Rd2 41. Nxd4 Rxd4 42. Ke3 a5 43. a4 g6 1/2-1/2

[Event "Graz-chB"]
[Site "Graz"]
[Date "2012.01.14"]
[Round "2"]
[White "Bortolas, Stefan"]
[Black "Bruder, Peter"]
[Result "1/2-1/2"]
[WhiteElo "1719"]
[BlackElo "1774"]
[PlyCount "28"]
[EventDate "2012.01.13"]
[EventType "swiss"]
[EventRounds "7"]
[EventCountry "AUT"]
[SourceTitle "EXT 2013"]
[Source "ChessBase"]
[SourceDate "2012.11.22"]
[SourceVersion "1"]
[SourceVersionDate "2012.11.22"]
[SourceQuality "1"]

1. Nf3 Nf6 2. c4 g6 3. b4 Bg7 4. Bb2 0-0 5. g3 d6 6. Bg2 Nbd7 7. 0-0 e5 8. d3 a6 9. Nbd2 Rb8 10. a4 Re8 11. Qc2 b6 12. Rfc1 Bb7 13. e4 Bh6 14. Rd1 Qe7 1/2-1/2

[Event "Steyr Landesliga 1112"]
[Site "Austria"]
[Date "2011.10.15"]
[Round "3.8"]
[White "Schreiner, Gregor"]
[Black "Bortolas, Stefan"]
[Result "1-0"]
[WhiteElo "1535"]
[BlackElo "1712"]
[PlyCount "41"]
[EventDate "2011.09.24"]
[EventType "team-tourn"]
[EventRounds "11"]
[EventCountry "AUT"]
[SourceTitle "EXT 2013"]
[Source "ChessBase"]
[SourceDate "2012.11.22"]
[SourceVersion "1"]
[SourceVersionDate "2012.11.22"]
[SourceQuality "1"]
[WhiteTeam "Frauental"]
[BlackTeam "Graz Austria"]
[WhiteTeamCountry "AUT"]
[BlackTeamCountry "AUT"]

1. e4 e6 2. d4 d5 3. Nd2 dxe4 4. Nxe4 Nd7 5. Nf3 Ngf6 6. Nxf6+ Nxf6 7. Bc4 Be7 8. 0-0 0-0 9. Bf4 c6 10. c3 b5 11. Bd3 a5 12. Ne5 Qb6 13. Qf3 Bb7 14. Qh3 g6 15. Rfe1 c5 16. Bg5 Rad8 17. Qh4 cxd4 18. Bxf6 Bxf6 19. Qxf6 dxc3 20. bxc3 Qc5 21. Nxf7 1-0

[Event "Steyr Landesliga 1112"]
[Site "Austria"]
[Date "2011.09.24"]
[Round "1.8"]
[White "Bortolas, Stefan"]
[Black "Hiebler, Laura"]
[Result "1/2-1/2"]
[WhiteElo "1712"]
[BlackElo "1744"]
[PlyCount "120"]
[EventDate "2011.09.24"]
[EventType "team-tourn"]
[EventRounds "11"]
[EventCountry "AUT"]
[SourceTitle "EXT 2013"]
[Source "ChessBase"]
[SourceDate "2012.11.22"]
[SourceVersion "1"]
[SourceVersionDate "2012.11.22"]
[SourceQuality "1"]
[WhiteTeam "Graz Austria"]
[BlackTeam "Weiz"]
[WhiteTeamCountry "AUT"]
[BlackTeamCountry "AUT"]

1. e4 e6 2. d4 d5 3. exd5 exd5 4. Bd3 Bd6 5. Nc3 c6 6. Nge2 Nf6 7. Bg5 0-0 8. Qd2 Bg4 9. f3 Bh5 10. 0-0-0 b5 11. Nf4 Bg6 12. Nxg6 fxg6 13. h4 b4 14. Na4 Qa5 15. b3 Nbd7 16. Kb1 Nb6 17. Nb2 Nh5 18. Rde1 Ng3 19. Rhg1 Nd7 20. Be7 Bxe7 21. Rxe7 Qd8 22. Rge1 Ne4 23. Bxe4 dxe4 24. R7xe4 Nf6 25. Re6 c5 26. Nc4 Qxd4 27. Qxd4 cxd4 28. Rd6 Rae8 29. Rxe8 Rxe8 30. Rxd4 Re1+ 31. Kb2 h6 32. Nd6 a5 33. Ne4 Nh5 34. Rd5 Nf4 35. Rxa5 Nxg2 36. Rb5 Nxh4 37. Nd2 Rd1 38. Rxb4 g5 39. Rd4 Nf5 40. Rd8+ Kh7 41. a4 Ne7 42. Rd6 h5 43. a5 h4 44. a6 Nc8 45. Rd8 Na7 46. Ra8 h3 47. Ne4 h2 48. Ng3 Rg1 49. Rxa7 Rxg3 50. Rb7 h1Q 51. a7 Qxf3 52. a8Q Qc3+ 53. Ka2 Rg1 54. Rxg7+ Qxg7 55. Qe4+ Qg6 56. Qe7+ Kh6 57. Qf8+ Kh5 58. Qh8+ Kg4 59. Qd4+ Kf3 60. Qxg1 Qxc2+ 1/2-1/2

[Event "Graz op-B 18th"]
[Site "Graz"]
[Date "2011.08.29"]
[Round "3"]
[White "Bortolas, Stefan"]
[Black "Schnider, Manuel"]
[Result "1-0"]
[WhiteElo "1712"]
[BlackElo "1649"]
[PlyCount "33"]
[EventDate "2011.08.27"]
[EventType "swiss"]
[EventRounds "9"]
[EventCountry "AUT"]
[SourceTitle "EXT 2022"]
[Source "ChessBase"]
[SourceDate "2021.10.06"]
[SourceVersion "1"]
[SourceVersionDate "2021.10.06"]
[SourceQuality "1"]

1. Nf3 Nf6 2. c4 c5 3. g3 g6 4. Bg2 Bg7 5. 0-0 0-0 6. d4 cxd4 7. Nxd4 Nc6 8. Nc2 d6 9. Nc3 Be6 10. b3 Qd7 11. Bb2 Bh3 12. Ne3 Bxg2 13. Kxg2 Ne4 14. Na4 Ne5 15. f3 Nf6 16. Bxe5 Qe6 17. Bd4 1-0

[Event "Steyr-ch U12"]
[Site "Soechau"]
[Date "2007.04.21"]
[Round "8"]
[White "Guenther, Patrick"]
[Black "Bortolas, Stefan"]
[Result "1-0"]
[WhiteElo "1406"]
[BlackElo "1317"]
[PlyCount "113"]
[EventDate "2007.04.14"]
[EventType "swiss"]
[EventRounds "9"]
[EventCountry "AUT"]
[SourceTitle "EXT 2010"]
[Source "ChessBase"]
[SourceDate "2010.11.25"]
[SourceVersion "1"]
[SourceVersionDate "2010.11.25"]
[SourceQuality "1"]

1. e4 e6 2. d4 d5 3. exd5 exd5 4. Nf3 Nc6 5. Bf4 Qe7+ 6. Qe2 Qxe2+ 7. Bxe2 Nf6 8. Nc3 Bb4 9. Bxc7 0-0 10. 0-0 Re8 11. Rfe1 Re7 12. Bf4 h6 13. a3 Bxc3 14. bxc3 Bg4 15. h3 Bh5 16. Ne5 Bxe2 17. Rxe2 Ne4 18. Nxc6 bxc6 19. Rae1 Kf8 20. Re3 Re6 21. Rd3 Kg8 22. f3 Nc5 23. Rxe6 Nxe6 24. Bd6 Rd8 25. Bb4 Nf4 26. Ba5 Re8 27. Rd2 Re6 28. Kf2 Rg6 29. Kf1 Re6 30. Bc7 Ng6 31. Bb8 Re7 32. Bd6 Re6 33. Bc5 a6 34. Re2 Rxe2 35. Kxe2 Nf4+ 36. Kf2 Ne6 37. Bb4 f5 38. g3 f4 39. g4 Kf7 40. Bd6 Kf6 41. h4 g5 42. Be5+ Ke7 43. h5 c5 44. dxc5 Kf7 45. c6 Ke7 46. Ke2 Kf7 47. Kd3 a5 48. Ke2 a4 49. Kd3 Nc5+ 50. Kd4 Nb3+ 51. cxb3 axb3 52. c7 b2 53. c8Q b1Q 54. Qf5+ Qxf5 55. gxf5 g4 56. fxg4 f3 57. Bg3 1-0

[Event "Steyr-ch U12"]
[Site "Soechau"]
[Date "2007.04.18"]
[Round "5"]
[White "Worm, Paul"]
[Black "Bortolas, Stefan"]
[Result "1/2-1/2"]
[WhiteElo "1324"]
[BlackElo "1317"]
[PlyCount "56"]
[EventDate "2007.04.14"]
[EventType "swiss"]
[EventRounds "9"]
[EventCountry "AUT"]
[SourceTitle "EXT 2010"]
[Source "ChessBase"]
[SourceDate "2010.11.25"]
[SourceVersion "1"]
[SourceVersionDate "2010.11.25"]
[SourceQuality "1"]

1. d4 d5 2. c4 e5 3. e3 exd4 4. Qxd4 Be6 5. Nc3 Nc6 6. Qd1 dxc4 7. Qxd8+ Rxd8 8. Nb5 Rd7 9. Nf3 Nb4 10. Rb1 Nd3+ 11. Bxd3 cxd3 12. 0-0 Bf5 13. Nfd4 Bg6 14. Ra1 a6 15. Nc3 Nf6 16. Rd1 Bc5 17. Nf3 0-0 18. Ne5 Rd6 19. Nxg6 fxg6 20. Na4 Bb4 21. Nc3 Rfd8 22. Bd2 Re8 23. a3 Ba5 24. b4 Bb6 25. a4 a5 26. Rab1 Rb8 27. Nb5 Rd5 28. bxa5 Bc5 1/2-1/2